Využití metody vícestavové demografie při analýze trhu práce
Možné aplikácie viacstavovej demografie na ekonomické situácie. Pojem viacstavová demografia.
Na minha lista:
| Autor principal: | |
|---|---|
| Outros Autores: | |
| Formato: | Capítulo de Livro |
| Idioma: | tcheco |
| Assuntos: | |
| Tags: |
Sem tags, seja o primeiro a adicionar uma tag!
|
MARC
| LEADER | 00000naa a2200000 4500 | ||
|---|---|---|---|
| 001 | 0228439 | ||
| 005 | 20220805080005.7 | ||
| 041 | 0 | |a cze | |
| 044 | |a CZ | ||
| 245 | 1 | 0 | |a Využití metody vícestavové demografie při analýze trhu práce |c Martina Miskolczi, Jitka Langhamrová |
| 520 | |a Možné aplikácie viacstavovej demografie na ekonomické situácie. Pojem viacstavová demografia. | ||
| 610 | 2 | 0 | |a metódy štatistické |
| 610 | 2 | 0 | |a trh práce |
| 610 | 2 | 0 | |a demografia ekonomická |
| 100 | 1 | |a Miskolczi, Martina | |
| 700 | 1 | |a Langhamrová, Jitka | |